Heroína y otros poemas / (Record no. 10776)

MARC details
000 -LEADER
campo de control de longitud fija 00879nam a22002895i 4500
001 - NÚMERO DE CONTROL
campo de control 10776
003 - IDENTIFICADOR DE NÚMERO DE CONTROL
campo de control ES-MaACL
005 - FECHA Y HORA DE LA ÚLTIMA TRANSACCIÓN
campo de control 20250826063127.0
007 - CAMPO FIJO DE DESCRIPCIÓN FÍSICA--INFORMACIÓN GENERAL
campo de control de longitud fija t|
008 - DATOS DE LONGITUD FIJA--INFORMACIÓN GENERAL
campo de control de longitud fija 921216s1992 sp ||||0| spa j
020 ## - NÚMERO INTERNACIONAL ESTÁNDAR DEL LIBRO
Número Internacional Estándar del Libro 84-7683-154-4
040 ## - FUENTE DE CATALOGACIÓN
Centro catalogador/agencia de origen M-BN
Lengua de catalogación spa
Centro/agencia transcriptor M-BN
080 ## - NÚMERO DE LA CLASIFICACIÓN DECIMAL UNIVERSAL
Número de la Clasificación Decimal Universal 860-14"19"
100 1# - ENTRADA PRINCIPAL--NOMBRE DE PERSONA
Nombre de persona Panero, Leopoldo María,
Fechas asociadas al nombre 1948-2014
9 (RLIN) 88768
245 10 - MENCIÓN DEL TÍTULO
Título Heroína y otros poemas /
Mención de responsabilidad, etc. Leopoldo María Panero ; dibujos de Paz Isla.
250 ## - MENCION DE EDICION
Mención de edición [1ª ed.].
260 ## - PUBLICACIÓN, DISTRIBUCIÓN, ETC.
Lugar de publicación, distribución, etc. Madrid :
Nombre del editor, distribuidor, etc. Libertarias,
Fecha de publicación, distribución, etc. 1992.
300 ## - DESCRIPCIÓN FÍSICA
Extensión 55 p :
Otras características físicas il ;
Dimensiones 20 cm.
490 1# - MENCIÓN DE SERIE
Mención de serie Los Libros del Avefénix
490 1# - MENCIÓN DE SERIE
Mención de serie Poesía (Libertarias) ;
Designación de volumen o secuencia 13
RLIN 123910
700 1# - ENTRADA AGREGADA--NOMBRE PERSONAL
Nombre de persona Isla, Paz.
9 (RLIN) 65574
830 04 - PUNTO DE ACCESO ADICIONAL DE SERIE-TÍTULO UNIFORME
Título uniforme Los libros del Avefénix
9 (RLIN) 228102
830 #0 - PUNTO DE ACCESO ADICIONAL DE SERIE-TÍTULO UNIFORME
Título uniforme Poesía (Libertarias) ;
Designación de volumen o secuencia 13
9 (RLIN) 123910
852 ## - LOCALIZACIÓN
Ubicación ES-MaACL
Número de control de estantería L-18155
Sublocalización o colección R.121949
942 ## - ELEMENTOS DE ENTRADA SECUNDARIOS (KOHA)
Fuente del sistema de clasificación o colocación Clasificación decimal universal
Holdings
Estatus retirado Estado de pérdida Estado de daño No para préstamo Biblioteca de origen Biblioteca actual Ubicación en estantería Fecha de adquisición Fuente de adquisición Total de préstamos Signatura topográfica completa Código de barras Visto por última vez Precio de reemplazo Tipo de ítem Koha
        Biblioteca del Ateneo de Madrid Biblioteca del Ateneo de Madrid Depósito 2 17/01/2008     L-18155 1010993 23/02/2023 23/02/2023 Libro impreso